000 01031nam0a2200289 4500
001 RU\NLR\bibl\149883
005 20250618050926.0
010 _a5-8369-0109-0
_9500
021 _aRU
_b2000-43077
_91994
035 _a(NLR Aleph) 000146905
090 _a842211
_c842211
100 _a20010418d2000 |||y0rusy50 ca
101 0 _arus
102 _aRU
105 _ay |||||||||
200 1 _aАттестация работников
_eПравовое регулирование. Орг. вопр.
_fЮ.Н. Полетаев
210 _aМ.
_cПроспект
_d2000
215 _a110,[2] с.
_d20
320 _aБиблиогр. в подстроч. прим.
606 0 _aКадры
_xАттестация
_xПравовое регулирование
_yРоссийская Федерация
_92202298
_3RU\NLR\auth\661323337
686 _aХ627.1
700 1 _aПолетаев
_bЮ. Н.
_4070
801 0 _aRU
_bNLR
_c20010418
_gPSBO
801 1 _aRU
_bNLR
_c20010418
942 _cBOOK
980 _aNB